Concepción del espacio en el niño según Piaget / (Record no. 10564)
[ view plain ]
| 000 -CABECERA | |
|---|---|
| campo de control de longitud fija | 00685nam a2200217 a 4500 |
| 005 - FECHA Y HORA DE LA ÚLTIMA TRANSACCIÓN | |
| campo de control | 20240925064115.0 |
| 008 - ELEMENTOS DE LONGITUD FIJA--INFORMACIÓN GENERAL | |
| campo de control de longitud fija | 991125s1982 bar 000 0 spa u |
| 020 ## - NÚMERO INTERNACIONAL NORMALIZADO PARA LIBROS | |
| Número Internacional Estándar del Libro | 8475091695 |
| 035 ## - NÚMERO DE CONTROL DEL SISTEMA | |
| Número de control de sistema | UPN01000010564 |
| 049 ## - COLECCIÓN | |
| Colección | CG |
| 050 #4 - SIGNATURA TOPOGRÁFICA DE LA BIBLIOTECA DEL CONGRESO | |
| Número de clasificación | LB1117 |
| Número de documento/Ítem | H8.28a |
| 100 1# - ASIENTO PRINCIPAL--NOMBRE PERSONAL | |
| Nombre de persona | Holloway, G. E. T. |
| 245 10 - MENCIÓN DE TÍTULO | |
| Título | Concepción del espacio en el niño según Piaget / |
| Mención de responsabilidad, etc. | G .E. T. Holloway ; tr. Ariel Bignami. |
| 260 ## - PUBLICACIÓN, DISTRIBUCIÓN, ETC. | |
| Lugar de publicación, distribución, etc. | Barcelona, Esp. : |
| Nombre del editor, distribuidor, etc. | Paidós, |
| Fecha de publicación, distribución, etc. | 1982. |
| 300 ## - DESCRIPCIÓN FÍSICA | |
| Extensión | 114 p. : |
| Otras características físicas | il. |
| 440 #0 - MENCIÓN DE SERIE/ASIENTO SECUNDARIO--TÍTULO | |
| Título | Paidós educador ; |
| Designación de volumen o secuencia | 33 |
| 600 10 - ASIENTO SECUNDARIO DE MATERIA - NOMBRE PERSONAL | |
| Nombre de persona | Piaget, Jean, |
| Fechas asociadas al nombre | 1896-1980 |
| Subdivisión general | Crítica e interpretación |
| 9 (RLIN) | 13966 |
| 650 #2 - ASIENTO SECUNDARIO DE MATERIA - TERMINO TEMATICO | |
| Término de materia o nombre geográfico como elemento de entrada | Espacio y tiempo |
| 9 (RLIN) | 4017 |
| 650 #4 - ASIENTO SECUNDARIO DE MATERIA - TERMINO TEMATICO | |
| Término de materia o nombre geográfico como elemento de entrada | Niño, Estudio del |
| 9 (RLIN) | 221 |
| 905 ## - TIPO DE MATERIAL | |
| Tipo de material | Libro |
| Estado de retiro | Estado de pérdida | Fuente del sistema de clasificación o colocación | Estado dañado | No para préstamo | Código de colección | Localización permanente | Ubicación/localización actual | Ubicación en estantería | Total de préstamos | Clasificación | Código de barras | Fecha visto por última vez | Número de copia | Tipo de ítem Koha | Fecha de adquisición | Fecha del último préstamo |
|---|---|---|---|---|---|---|---|---|---|---|---|---|---|---|---|---|
| Library of Congress Classification | Colección General | Bib. Gregorio Torres Quintero | Bib. Gregorio Torres Quintero | Planta baja | 12 | LB1117 H8.28a | 108738 | 31/12/2020 | 1 | Libro | ||||||
| Library of Congress Classification | Colección General | Bib. Gregorio Torres Quintero | Bib. Gregorio Torres Quintero | Planta baja | 13 | LB1117 H8.28a | 108739 | 31/12/2020 | 1 | Libro | ||||||
| Library of Congress Classification | Colección General | Bib. Gregorio Torres Quintero | Bib. Gregorio Torres Quintero | Planta baja | 10 | LB1117 H8.28a | 95071 | 06/05/2025 | 1 | Libro | 11/05/2023 | 07/04/2025 | ||||
| Library of Congress Classification | Colección General | Bib. Gregorio Torres Quintero | Bib. Gregorio Torres Quintero | Planta baja | 5 | LB1117 H8.28a | 95070 | 31/12/2020 | 1 | Libro | ||||||
| Library of Congress Classification | Colección General | Bib. Gregorio Torres Quintero | Bib. Gregorio Torres Quintero | Planta baja | 5 | LB1117 H8.28a | 95069 | 31/12/2020 | 1 | Libro |
